Sufism, culture and politics : (Record no. 4969)

MARC details
000 -LEADER
fixed length control field 00642 a2200181 4500
010 ## - LCCN (DPL NO)
LC control number ENG-86597
020 ## - INTERNATIONAL STANDARD BOOK NUMBER
International Standard Book Number 9780195685121
Terms of availability 595.00
035 ## - SYSTEM CONTROL NUMBER
System control number EN-70130
037 ## - SOURCE OF ACQUISITION
Source of stock number/acquisition DBAD / PUB
082 14 - DEWEY DECIMAL CLASSIFICATION NUMBER
Classification number 279.30954
100 ## - MAIN ENTRY--PERSONAL NAME
Personal name Aquil, Raziuddin
245 1# - TITLE STATEMENT
Title Sufism, culture and politics :
Remainder of title afghans and islam in medieval North India /
Statement of responsibility, etc Raziuddin Aquil
260 ## - PUBLICATION, DISTRIBUTION, ETC. (IMPRINT)
Place of publication, distribution, etc New Delhi
Name of publisher, distributor, etc Oxford University Press
Date of publication, distribution, etc 2007
270 ## - ADDRESS
Address YMCA Library Building, Jai Singh Road
City New Delhi
Postal code 110 001
300 ## - PHYSICAL DESCRIPTION
Extent xi, 268p
Dimensions 22cm (Hb)
500 ## - GENERAL NOTE
General note Includes bibliographical references and index & tables
942 ## - ADDED ENTRY ELEMENTS (KOHA)
Institution code [OBSOLETE] dpl
Item type English Books
Source of classification or shelving scheme Dewey Decimal Classification
Classification part 279.30954
Call number suffix AQU
Holdings
Withdrawn status Lost status Not for loan Collection code Home library Current library Source of acquisition Cost, normal purchase price Full call number Barcode Copy number Cost, replacement price Koha item type
    Not For Loan Non-fiction D.B.Act.Division D.B.Act.Division DBAD/PUB 595.00 279.30954 AQU EN-70130 1 595.00 English Books

© Delhi Public Library
Hit Counter
free hit counter